| 000 | 00419nam a22001577a 4500 | ||
|---|---|---|---|
| 005 | 20251204101208.0 | ||
| 008 | 251204b |||||||| |||| 00| 0 eng d | ||
| 020 | _a978-93-5161-173-8 | ||
| 100 | _aGUPTA S.C | ||
| 245 | _aFUNDAMENTALS OF MATHEMATICAL STATISTICS | ||
| 260 |
_aNEW DELHI _bSULTAN CHAND AND SONS _c2020 |
||
| 300 | _aX,2140 | ||
| 500 | _aINCLUDES APPENDIX | ||
| 700 | _aKAPOOR V.K | ||
| 942 |
_2lcc _cBK |
||
| 999 |
_c216332 _d216332 |
||